000 00397nam a22001457a 4500
999 _c7679
_d7677
005 20210319114100.0
008 210319b ||||| |||| 00| 0 eng d
082 _a346.066
100 _aAIYAR, A.N.
_96466
245 _aCOMPANY CASES THE CORPORATE LAW WEEKLY [VOL-162]
260 _aCHENNAI
_bCOMPANY LAW INSTITUTE OF INDIA
_c2011
300 _a656,;i-xxxii,p
650 _aLAW
_95701
942 _cJRL